[Event "Kupreichik Memorial Open 2018"]
[Site "Minsk"]
[Date "2018.06.21"]
[Round "3"]
[White "Korobov, Anton"]
[Black "Sihite, Chelsie Monica Igne"]
[Result "1-0"]
[WhiteElo "2736"]
[BlackElo "2236"]
[Annotator "TA"]
[PlyCount "69"]
[EventDate "2018.06.21"]
[EventCountry "BLR"]
[SourceTitle "playchess.com"]
[Source "ChessBase"]
[SourceQuality "1"]

{[%evp 27,69,4,2,0,19,13,19,28,27,28,23,31,29,8,112,111,116,114,120,119,132,123,129,119,120,116,138,123,140,132,141,132,131,132,223,128,205,196,204,189,524,491,29998,29999]} 1. d4 Nf6 2. c4 e6 3. Nc3 Bb4 4. Qc2 d5 5. a3 Bxc3+ 6. Qxc3 Ne4 7. Qc2 c5 8. dxc5 Nc6 9. e3 Qa5+ 10. Bd2 Nxd2 11. Qxd2 Qxc5 {E37: Nimzo-Indian: Classical: 4...d5 5 a3 Bxc3+ 6 Qxc3 Ne4} 12. cxd5 exd5 13. Rc1 Qb6 14. Nf3 O-O {LiveBook: 3 Games} 15. Be2 Bg4 16. O-O Rad8 17. h3 Bh5 {[#]} 18. Rfd1 $146 ({Predecessor:} 18. g4 Bg6 {½-½ (26) Drozdovskij,Y (2561)-Brodsky,M (2566) Poltava 2006}) 18... Rfe8 19. g4 Bg6 20. Nd4 Ne7 (20... Be4 $11) 21. Qb4 $36 {[%mdl 2048] White is on the roll.} Qxb4 22. axb4 {[%cal Ba3b4,Bb4b5][%mdl 32]} Rc8 23. b5 Kf8 24. Ra1 Ra8 25. Ra3 Nc8 26. Rda1 Ke7 27. h4 {[%cal Bh3h4,Bh4h5][%mdl 32] [#] aiming for h5.} h6 28. h5 Bh7 29. f3 Kd6 30. Kf2 Kc5 (30... Rd8 $16 {might work better.} 31. Kg3 Ke5) 31. b4+ (31. Rc3+ $18 Kb6 32. Nb3) 31... Kb6 (31... Kd6 $16 {is a better defense.} 32. Ra5 Re7) 32. Rc1 $18 Ne7 33. Nb3 a6 $2 (33... Rec8) 34. Nc5 {[#] Threatening mate with Nd7+.} Rec8 (34... Kc7 $18 35. b6+ Kc6) 35. Nd7+ {Precision: White = 74%, Black = 38%.} 1-0

[Event "Kupreichik Memorial Open 2018"]
[Site "Minsk"]
[Date "2018.06.21"]
[Round "3"]
[White "Mamedov, Rauf"]
[Black "Nigmatov, Ortik"]
[Result "1/2-1/2"]
[WhiteElo "2711"]
[BlackElo "2210"]
[Annotator "TA"]
[PlyCount "104"]
[EventDate "2018.06.21"]
[EventCountry "BLR"]
[SourceTitle "playchess.com"]
[Source "ChessBase"]
[SourceQuality "1"]

{[%evp 9,104,15,18,12,-7,-6,0,0,76,-50,-38,-56,30,29,42,39,23,49,52,60,151,146,216,207,214,93,219,109,112,61,67,58,69,45,87,0,114,124,131,89,89,98,111,94,99,99,99,99,92,93,92,117,105,44,55,54,44,14,16,20,87,80,92,0,0,0,0,0,0,0,0,0,0,0,5,0,0,0,0,0,0,0,0,0,0,-86,0,0,0,0,0,0,0,0,0,0,0]} 1. e4 c5 2. Nf3 e6 3. b3 d6 4. Bb2 e5 (4... Nf6 5. Qe2 Nc6 6. g3 Be7 7. Bg2 O-O 8. O-O e5 9. c4 a6 10. Nc3 Rb8 11. Nd5 b5 12. d3 Re8 13. h3 Bf8 14. Qd2 a5 15. Kh2 g6 16. Ne1 Nxd5 17. cxd5 {½-½ (26) Salgado Lopez,I (2644)-Ding,L (2777) Riadh 2017}) 5. c3 f5 6. d4 $146 {B50: Sicilian: 2...d6, Miscellaneous} ({Predecessor:} 6. Bb5+ Nc6 7. d4 fxe4 8. Nfd2 Qg5 9. Nxe4 Qxg2 10. Ng3 Nf6 11. Bf1 Qd5 12. Bc4 Qg2 {½-½ (12) Oral,T (2516)-Rasik,V (2466) Czechia 2006}) 6... fxe4 7. Nfd2 Bf5 8. dxe5 d5 (8... Nc6 $11) 9. c4 (9. Bb5+ $16 Nc6 10. O-O) 9... d4 $15 10. Qe2 Qc7 (10... e3 $1 $15 11. fxe3 Nc6) 11. g4 $36 {[%mdl 2048] White is more active.} Bg6 12. Nxe4 Qxe5 13. Bg2 $1 Nc6 {[#]} 14. f4 $1 {[%mdl 512]} Qxf4 (14... Qe7 $1 $14) 15. Nxc5+ $1 $16 Qe3 (15... Nge7 $16) 16. Qxe3+ $18 ({Inferior is} 16. Nxb7 Qxe2+ 17. Kxe2 Kd7 $11) 16... dxe3 17. Ne6 (17. Nxb7 $18 {is the precise move to win.} Bb4+ 18. Ke2) 17... Bb4+ (17... Nf6 $16) 18. Ke2 (18. Nc3 $1 $18 {and the rest is easy.} Kf7 19. Nf4) 18... Ke7 19. Nc7 (19. Bxg7 $16 Kxe6 20. Bd5+ (20. Bxh8 Nge7 $16) 20... Ke7 21. Bxh8) 19... Rf8 $1 $14 {[%cal Rf8f2]} 20. Nd5+ Kd6 21. Nxe3 Nf6 {[#]} 22. Na3 ({White should play} 22. Nc3 $1 $16) 22... Re8 (22... a6 $11) 23. Nb5+ $16 Kd7 {Threatens to win with ...Nxg4.} 24. Rad1+ Kc8 25. Bxf6 $1 gxf6 26. Nd6+ Bxd6 27. Rxd6 Nb4 28. Kd2 Rd8 29. Rxd8+ Rxd8+ 30. Nd5 Bf7 {[%cal Rb4d5]} 31. Rf1 (31. Rc1 $16) 31... Nxd5 $14 32. cxd5 Bxd5 33. Bxd5 Rxd5+ {[%mdl 4096] Endgame KR-KR} 34. Ke3 h5 (34... Re5+ $11 35. Kf3 Kd7) 35. Rxf6 $16 hxg4 {[#]} 36. Rh6 (36. Rf2 $1 $16) 36... Kc7 $11 37. Rh4 Re5+ 38. Kf2 Rc5 39. Rxg4 {aiming for Rc4.} Rc2+ 40. Kg3 {Strongly threatening Rc4+.} Rxa2 41. h4 {And now h5 would win.} Rb2 42. b4 {Hoping for h5.} (42. h5 {is interesting.} Rxb3+ 43. Kh4 Rf3 44. Kg5 Rf8 45. h6) 42... Rb3+ 43. Kf2 Rb2+ 44. Ke3 Rb3+ 45. Kd2 Rh3 46. Rg7+ Kb6 47. Rh7 (47. Rg4 $11) 47... a5 (47... Rb3 $17) 48. bxa5+ {The position is equal.} Kxa5 49. h5 b5 50. h6 b4 51. Kc2 Ka6 52. Rh8 Ka7 {Precision: White = 42%, Black = 46%.} 1/2-1/2

[Event "Kupreichik Memorial Open 2018"]
[Site "Minsk"]
[Date "2018.06.21"]
[Round "3"]
[White "Kovalev, Vladislav"]
[Black "Vashchilov, Sergey"]
[Result "1-0"]
[WhiteElo "2631"]
[BlackElo "2122"]
[Annotator "TA"]
[PlyCount "115"]
[EventDate "2018.06.21"]
[EventCountry "BLR"]
[SourceTitle "playchess.com"]
[Source "ChessBase"]
[SourceQuality "1"]

{[%evp 15,115,20,32,42,39,24,29,26,37,22,75,31,25,29,33,22,39,38,37,16,49,33,31,38,40,35,38,50,25,33,59,36,42,35,66,58,55,58,62,57,62,61,56,54,107,59,64,43,34,32,111,111,111,111,122,102,193,197,246,237,249,243,260,235,309,231,232,222,513,513,612,609,616,606,595,585,558,535,528,523,506,495,631,612,2804,1856,12795,5085,12795,12795,29975,29976,29979,29973,29973,29974,29976,29977,29977,29974,29973,29973]} 1. d4 e6 2. Bf4 Nf6 3. e3 c5 4. c3 Nc6 5. Nd2 d5 6. Ngf3 Bd6 7. Bg3 cxd4 8. exd4 Nh5 {LiveBook: 3 Partien. D02: Damenbauernspiele} (8... O-O 9. Bd3 a6 10. O-O Bxg3 11. hxg3 b5 12. b4 Qc7 13. Re1 Re8 14. a4 bxa4 15. Qxa4 Bd7 16. b5 {½-½ (94) Kamsky,G (2732)-Wang,Y (2697) Beijing 2011}) 9. Bxd6 Qxd6 10. g3 O-O {Weiß hat minimalen Vorteil.} 11. Bd3 Nf6 12. Qe2 a6 $146 (12... Nd7 $11 {bleibt in der Remisbreite.}) ({Vorgänger:} 12... Nd7 13. O-O e5 14. dxe5 Ndxe5 15. Nxe5 Qxe5 16. Qxe5 Nxe5 {½-½ (56) Larsen,B-Barcza,G Copenhagen 1965}) 13. a4 Nd7 14. O-O e5 15. dxe5 Ndxe5 16. Nxe5 Nxe5 17. Rfe1 Nc6 18. Qh5 {[%csl Gd3][%cal Rh5h7]} g6 19. Qh4 Kg7 20. Rad1 Qf6 21. Qxf6+ Kxf6 22. Nb3 Bg4 23. f3 Be6 ({Jedoch nicht} 23... Bxf3 $2 24. Rf1 $18) 24. Nc5 $36 {[%mdl 2048] Weiss kämpft um Vorteil.} d4 25. cxd4 Nxd4 26. Be4 Rac8 27. Nxe6 Nxe6 28. Bxb7 Rc2 29. Bxa6 {Droht Te2 und aus.} Rb8 (29... Ra8 $14 30. Rd6 Rxb2) 30. Bb5 {zielt auf b3 ab.} Rxb2 31. Rb1 Ra2 32. Ra1 Rxa1 ({Günstiger ist} 32... Rb2 $1 $14) 33. Rxa1 $14 {[%mdl 4096] Endspiel KTL-KTS} Nd4 34. Kf2 Rc8 35. Ra2 Rc3 {[#]} (35... Nxb5 $16 36. axb5 Rb8) 36. Be2 $1 $18 Nc6 {[#]} 37. a5 $1 {[%cal Ba4a5,Ba5a6][%mdl 32]} Na7 38. a6 Ke5 39. Rb2 Ra3 40. Rb7 Nc6 41. Rxf7 h5 $2 (41... Ra2 {kämpft weiter.} 42. Rxh7 Nd4) 42. f4+ Ke6 43. Bc4+ Kd6 44. Rf6+ Kc5 45. Rxg6 Nd4 46. Be2 Ra2 47. Rg5+ Kd6 48. Re5 h4 49. gxh4 Nxe2 50. Rxe2 Rxa6 {KT-KT} 51. Kg3 Ra8 52. f5 {[%cal Bf4f5,Bf5f6][%mdl 32]} Rg8+ 53. Kf4 {Weiß setzt Matt.} Rh8 54. Kg5 Rg8+ 55. Kh6 Rh8+ 56. Kg7 Rxh4 57. f6 Rg4+ 58. Kf8 {Precision: Weiß = 80%, Schwarz = 30%.} 1-0

[Event "Kupreichik Memorial Open 2018"]
[Site "Minsk"]
[Date "2018.06.21"]
[Round "3"]
[White "Fedorov, Alexei"]
[Black "Savolainen, Lev P"]
[Result "1-0"]
[WhiteElo "2577"]
[BlackElo "2163"]
[Annotator "TA"]
[PlyCount "51"]
[EventDate "2018.06.21"]
[EventCountry "BLR"]
[SourceTitle "playchess.com"]
[Source "ChessBase"]
[SourceQuality "1"]

{[%evp 21,51,-24,-25,-32,-12,0,40,45,54,44,59,56,44,28,226,226,225,224,225,224,247,239,221,231,245,237,256,79,82,43,597,581]} 1. e4 e6 2. Qe2 Be7 3. Nf3 d5 4. d3 Nf6 5. g3 c5 6. Bg2 Nc6 7. O-O O-O 8. e5 Nd7 9. c4 a6 {C00: French: Unusual White 2nd moves} (9... d4 10. Re1 Rb8 11. h4 b5 12. cxb5 Rxb5 13. Na3 Rb8 14. Nc4 Nb6 15. b3 Nxc4 16. bxc4 Rb6 17. Ng5 {1-0 (32) Carlsen,M (2837)-Ding,L (2774) Saint Louis 2017}) 10. h4 b5 11. Bf4 Nb6 {[%cal Rb5c4] LiveBook: 4 Games. Black has an edge.} 12. Na3 bxc4 13. dxc4 Nd4 14. Nxd4 cxd4 15. cxd5 $146 Nxd5 16. Bd2 Bb7 17. Qg4 {Threatens to win with Bh6.} Qb6 $2 (17... Qc7 $1 $11) 18. Bh6 {[%csl Gh6][%cal Rg4g7] [#]} g6 19. Bxf8 Bxf8 20. Nc4 Qa7 21. Nd6 Bxd6 22. exd6 Rd8 23. Rad1 e5 24. Qg5 $2 {[#]} (24. Bxd5 $18 Bxd5 25. Qg5) 24... f6 $16 25. Bxd5+ Bxd5 $4 {[%mdl 8192]} (25... Kg7 $14 26. Qc1 Bxd5) 26. Qxf6 {Precision: White = 61%, Black = 29%.} 1-0

[Event "Kupreichik Memorial Open 2018"]
[Site "Minsk"]
[Date "2018.06.21"]
[Round "3"]
[White "Shevchenko, Kirill"]
[Black "Tsaruk, Maksim"]
[Result "1-0"]
[WhiteElo "2432"]
[BlackElo "1980"]
[Annotator "TA"]
[PlyCount "117"]
[EventDate "2018.06.21"]
[EventCountry "BLR"]
[SourceTitle "playchess.com"]
[Source "ChessBase"]
[SourceQuality "1"]

{[%evp 20,117,35,18,41,45,46,49,48,55,55,39,43,33,33,33,31,28,31,31,36,30,33,43,39,33,36,37,95,89,139,139,138,138,150,140,124,125,128,121,112,112,142,143,134,105,114,111,91,104,100,24,78,78,78,79,111,111,119,114,209,128,209,209,209,152,209,209,209,209,241,209,209,209,209,209,202,194,194,179,195,185,321,319,379,370,1227,411,1168,988,657,615,1444,1763,1356,1428,776,618,6203,5768]} 1. e4 e5 2. Nf3 Nc6 3. Bb5 a6 4. Ba4 Nf6 5. d3 b5 6. Bb3 Be7 7. O-O O-O 8. Nc3 d6 9. a3 Be6 {C77: Spanische Partie (Anderssen-Variante)} (9... Na5 10. Ba2 Be6 11. b4 Bxa2 12. Rxa2 Nc6 13. Bg5 Ng4 14. Bd2 Nf6 15. Bg5 Ng4 16. Bd2 Nf6 17. Bg5 {½-½ (17) Vachier Lagrave,M (2789)-Carlsen,M (2843) Stavanger 2018}) 10. Nd5 h6 11. c3 {LiveBook: 4 Partien} Na5 {Die Stellung ist ausgeglichen.} 12. Nxf6+ Bxf6 13. Bxe6 fxe6 14. b4 Nb7 $146 {[%cal Ba5b7,Bb7c5,Bc5a4,Ba4c3][%mdl 32]} ({Vorgänger:} 14... Nc6 15. a4 Qd7 16. Be3 Ne7 17. g3 Ng6 18. h4 a5 19. axb5 Qxb5 20. c4 Qxb4 21. Rb1 Qa3 22. Rb5 Rfb8 23. Qc2 d5 24. Bc5 {1-0 (24) Zwahr,P (2362)-Gaitzsch,M (2058) Dresden 2014}) 15. a4 c5 16. axb5 axb5 17. Rxa8 Qxa8 18. Qb3 Kf7 19. bxc5 Nxc5 20. Qxb5 Rb8 21. Qc4 Qa4 22. Qxa4 Nxa4 23. Ba3 Nxc3 (23... d5 $14) 24. Bxd6 $16 Rd8 25. Nxe5+ Bxe5 26. Bxe5 Rxd3 {[%mdl 4096] Endspiel KTL-KTS} 27. f3 Nd1 28. Re1 g5 29. Kf1 {[#] Droht stark Ke2.} Ne3+ 30. Ke2 Ra3 31. Kf2 Nc4 32. Bd4 Rd3 33. Bc5 Ne5 34. Ra1 Rd2+ 35. Kg3 ({Günstiger ist} 35. Kf1 $16) 35... Ng6 (35... Nd3 $11 36. Ra7+ Ke8) 36. Bb4 Rc2 {und nun wäre ...Sf4 stark für Schwarz.} 37. Rd1 Nf4 {[%csl Gf4][%cal Rc2g2]} 38. Rd2 Rc4 39. Bd6 Ng6 (39... Nh5+ $16 40. Kf2 Nf4) 40. Ra2 Kf6 {[#]} (40... Rc6 $16) 41. Kg4 $1 $18 Rc6 42. Rd2 Nh8 (42... e5 $16 43. g3 Nh8) 43. Kh5 {Und weiter mit e5+ wäre nett.} Nf7 44. Ba3 Rb6 45. Bb2+ e5 46. Ba3 Ra6 47. Bc5 Rc6 48. Bf2 Ra6 49. h4 {[%cal Bh2h4,Bh4h5][%mdl 32]} Ra1 50. Kg4 Kg6 (50... Rc1 $142 51. Ra2 Rc6 52. hxg5+ hxg5) 51. h5+ Kf6 52. Rb2 Ra6 $2 (52... Nd8 53. Rb6+ Ne6) 53. Bc5 (53. Rb6+ $142 Rxb6 54. Bxb6) 53... Rc6 (53... Nd8 $142 54. Bf8 Nf7) 54. Rb6 {Weiß steht klar auf Gewinn.} Rxb6 55. Bxb6 Ke6 56. Bc5 Kf6 57. Bf8 Nd8 58. Bxh6 Ne6 59. g3 {Precision: Weiß = 63%, Schwarz = 31%.} 1-0

[Event "Kupreichik Memorial Open 2018"]
[Site "Minsk"]
[Date "2018.06.21"]
[Round "3"]
[White "Nikitenko, Mihail"]
[Black "Ilyuchyk, Yana"]
[Result "1-0"]
[WhiteElo "2401"]
[BlackElo "1971"]
[Annotator "NA"]
[PlyCount "73"]
[EventDate "2018.06.21"]
[EventCountry "BLR"]
[SourceTitle "playchess.com"]
[Source "ChessBase"]
[SourceQuality "1"]
[TimeControl "900+10"]

1. e4 {[%emt 0:00:00]} c5 {[%emt 0:00:03]} 2. Nf3 {[%emt 0:00:00]} Nc6 {[%emt 0:00:02]} 3. Bb5 {[%emt 0:00:00]} g6 {[%emt 0:00:04]} 4. O-O {[%emt 0:00:01]} Bg7 {[%emt 0:00:06]} 5. c3 {[%emt 0:00:07]} Nf6 {[%emt 0:00:10]} 6. Re1 {[%emt 0:00:03]} O-O {[%emt 0:00:23]} 7. d4 {[%emt 0:00:36]} cxd4 {[%emt 0:00:06]} 8. cxd4 {[%emt 0:00:02]} d5 {[%emt 0:00:04]} 9. e5 {[%emt 0:00:45]} Ne4 {[%emt 0:00:42]} 10. h3 {[%emt 0:00:02]} f6 {[%emt 0:01:32]} 11. exf6 {[%emt 0:00:05]} exf6 {[%emt 0:00:13]} 12. Nc3 {[%emt 0:00:13]} Nxc3 {[%emt 0:01:33]} 13. bxc3 {[%emt 0:00:01]} Bf5 {[%emt 0:00:24]} 14. Nh4 {[%emt 0:01:59]} Bd7 {[%emt 0:01:07]} 15. Ba3 {[%emt 0:05:54]} Re8 {[%emt 0:00:50]} 16. Qb3 {[%emt 0:01:32]} Be6 {[%emt 0:01:00]} 17. f4 {[%emt 0:02:45]} Bf7 {[%emt 0:01:45]} 18. f5 {[%emt 0:00:21]} Bh6 {[%emt 0:02:28]} 19. Bd3 {[%emt 0:00:38]} g5 {[%emt 0:00:50]} 20. Nf3 {[%emt 0:00:01]} Qc7 {[%emt 0:00:19]} 21. Rad1 {[%emt 0:00:55]} b6 {[%emt 0:00:46]} 22. Qc2 {[%emt 0:00:05]} Na5 {[%emt 0:00:24]} 23. Bb5 {[%emt 0:01:07]} Rxe1+ {[%emt 0:00:36]} 24. Rxe1 {[%emt 0:00:01]} Bf8 {[%emt 0:00:06]} 25. Bxf8 {[%emt 0:00:58]} Kxf8 {[%emt 0:00:07]} 26. Qd2 {[%emt 0:00:04]} h6 {[%emt 0:00:21]} 27. h4 {[%emt 0:00:24]} Qg3 {[%emt 0:01:11]} 28. hxg5 {[%emt 0:00:20]} hxg5 {[%emt 0:00:02]} 29. Qe3 {[%emt 0:00:08]} Kg7 {[%emt 0:00:24]} 30. Qe7 {[%emt 0:00:03]} g4 {[%emt 0:00:44]} 31. Ng5 {[%emt 0:00:28]} fxg5 32. Qxg5+ {[%emt 0:00:02]} Kf8 {[%emt 0:00:17]} 33. Re3 {[%emt 0:00:01]} Qc7 {[%emt 0:00:28]} 34. f6 {[%emt 0:00:06]} Be6 {[%emt 0:00:49]} 35. Qh6+ {[%emt 0:00:27]} Kg8 {[%emt 0:00:06]} 36. Rxe6 {[%emt 0:00:01]} Qh7 {[%emt 0:00:02]} 37. f7+ {[%emt 0:00:05]} 1-0

[Event "Kupreichik Memorial Open 2018"]
[Site "Minsk"]
[Date "2018.06.21"]
[Round "3"]
[White "Meshkov, Yuri A"]
[Black "Uzlavataya, Anhelina"]
[Result "1-0"]
[WhiteElo "2375"]
[BlackElo "1925"]
[Annotator "NA"]
[PlyCount "71"]
[EventDate "2018.06.21"]
[EventCountry "BLR"]
[SourceTitle "playchess.com"]
[Source "ChessBase"]
[SourceQuality "1"]
[TimeControl "900+10"]

1. d4 {[%emt 0:00:00]} f5 {[%emt 0:00:02]} 2. Nc3 {[%emt 0:00:00]} Nf6 {[%emt 0:00:06]} 3. Bf4 {[%emt 0:00:03]} g6 {[%emt 0:00:07]} 4. h4 {[%emt 0:00:19]} Bg7 {[%emt 0:00:32]} 5. h5 {[%emt 0:00:07]} Nxh5 {[%emt 0:00:04]} 6. Rxh5 {[%emt 0:00:01]} gxh5 {[%emt 0:00:02]} 7. e3 {[%emt 0:00:09]} O-O {[%emt 0:00:21]} 8. Qxh5 {[%emt 0:00:01]} Qe8 {[%emt 0:00:03]} 9. Qxe8 {[%emt 0:00:10]} Rxe8 {[%emt 0:00:06]} 10. Bxc7 {[%emt 0:00:01]} b6 {[%emt 0:02:40]} 11. Bc4+ {[%emt 0:00:03]} e6 {[%emt 0:00:07]} 12. O-O-O {[%emt 0:00:39]} Ba6 {[%emt 0:00:12]} 13. Bb3 {[%emt 0:00:20]} Nc6 {[%emt 0:00:59]} 14. Nf3 {[%emt 0:00:08]} Rac8 {[%emt 0:00:42]} 15. Bf4 {[%emt 0:00:09]} d5 {[%emt 0:01:05]} 16. Ba4 {[%emt 0:00:11]} Rf8 {[%emt 0:01:18]} 17. Nb5 {[%emt 0:01:14]} Bxb5 {[%emt 0:03:35]} 18. Bxb5 {[%emt 0:00:02]} Rf6 {[%emt 0:00:13]} 19. Rh1 {[%emt 0:00:49]} Nb4 {[%emt 0:00:45]} 20. c3 {[%emt 0:00:04]} a6 {[%emt 0:01:02]} 21. Be2 {[%emt 0:00:03]} b5 {[%emt 0:00:07]} 22. Kd2 {[%emt 0:00:47]} Nc6 {[%emt 0:00:02]} 23. a4 {[%emt 0:00:01]} Na7 {[%emt 0:01:07]} 24. axb5 {[%emt 0:00:03]} axb5 {[%emt 0:00:44]} 25. Ra1 {[%emt 0:00:03]} Rf7 {[%emt 0:00:12]} 26. Ng5 {[%emt 0:00:03]} Re7 {[%emt 0:00:05]} 27. Bd6 {[%emt 0:00:12]} Rd7 {[%emt 0:00:07]} 28. Bc5 {[%emt 0:00:01]} Nc6 {[%emt 0:01:11]} 29. Nxe6 {[%emt 0:00:28]} Rb7 {[%emt 0:00:19]} 30. b4 {[%emt 0:00:36]} Kf7 {[%emt 0:00:24]} 31. Nf4 {[%emt 0:00:01]} Rd8 {[%emt 0:00:11]} 32. Bh5+ {[%emt 0:00:20]} Kf6 {[%emt 0:00:12]} 33. Ra6 {[%emt 0:00:02]} Rc8 {[%emt 0:00:18]} 34. Bf3 {[%emt 0:00:17]} Kg5 {[%emt 0:00:06]} 35. Bxd5 {[%emt 0:00:18]} Ne7 {[%emt 0:00:11]} 36. Bxb7 {[%emt 0:00:08]} 1-0

[Event "Kupreichik Memorial Open 2018"]
[Site "Minsk"]
[Date "2018.06.21"]
[Round "3"]
[White "Zhukova, Natalia"]
[Black "Tyurin, Artem"]
[Result "1-0"]
[WhiteElo "2356"]
[BlackElo "1855"]
[Annotator "NA"]
[PlyCount "63"]
[EventDate "2018.06.21"]
[EventCountry "BLR"]
[SourceTitle "playchess.com"]
[Source "ChessBase"]
[SourceQuality "1"]
[TimeControl "900+10"]

1. c4 {[%emt 0:00:00]} Nf6 {[%emt 0:00:01]} 2. Nc3 {[%emt 0:00:00]} d5 {[%emt 0:00:05]} 3. cxd5 {[%emt 0:00:43]} Nxd5 {[%emt 0:00:02]} 4. g3 {[%emt 0:00:30]} g6 {[%emt 0:00:06]} 5. Bg2 {[%emt 0:00:02]} Nb6 {[%emt 0:00:01]} 6. h4 {[%emt 0:00:39]} h5 {[%emt 0:00:22]} 7. d3 {[%emt 0:00:24]} Bg7 {[%emt 0:00:08]} 8. Bg5 {[%emt 0:00:02]} Nc6 {[%emt 0:00:36]} 9. Rc1 {[%emt 0:00:10]} Nd4 {[%emt 0:00:32]} 10. Nf3 {[%emt 0:01:11]} Ne6 {[%emt 0:00:07]} 11. Be3 {[%emt 0:00:25]} c6 {[%emt 0:00:06]} 12. Qd2 {[%emt 0:00:37]} O-O {[%emt 0:00:10]} 13. Bh6 {[%emt 0:00:38]} Nd5 {[%emt 0:00:59]} 14. Ne4 {[%emt 0:01:19]} Qb6 {[%emt 0:00:23]} 15. Bxg7 {[%emt 0:00:31]} Nxg7 {[%emt 0:00:21]} 16. Ne5 {[%emt 0:01:59]} Bf5 {[%emt 0:01:50]} 17. Nc5 {[%emt 0:02:05]} Qc7 {[%emt 0:01:16]} 18. d4 {[%emt 0:00:03]} Nf6 {[%emt 0:00:35]} 19. O-O {[%emt 0:00:37]} Rad8 {[%emt 0:00:36]} 20. Qb4 {[%emt 0:00:28]} Rb8 {[%emt 0:01:33]} 21. e4 {[%emt 0:01:22]} Bc8 {[%emt 0:00:32]} 22. Qc3 {[%emt 0:00:06]} Qd6 {[%emt 0:00:35]} 23. Rfd1 {[%emt 0:01:06]} Ne6 {[%emt 0:00:22]} 24. Nb3 {[%emt 0:01:21]} Bd7 {[%emt 0:01:30]} 25. Qe3 {[%emt 0:00:11]} Ng4 {[%emt 0:00:34]} 26. Nxg4 {[%emt 0:00:04]} hxg4 {[%emt 0:00:01]} 27. d5 cxd5 {[%emt 0:01:02]} 28. Rxd5 {[%emt 0:00:09]} Qa6 {[%emt 0:00:25]} 29. Rxd7 {[%emt 0:00:07]} Qxa2 {[%emt 0:00:01]} 30. Rd2 {[%emt 0:00:40]} Rfd8 {[%emt 0:00:09]} 31. Ra1 {[%emt 0:00:18]} Qxb3 {[%emt 0:01:00]} 32. Rxd8+ {[%emt 0:00:06]} 1-0

[Event "Kupreichik Memorial Open 2018"]
[Site "Minsk"]
[Date "2018.06.21"]
[Round "3"]
[White "Kalugin, Sergey G"]
[Black "Masjuk, Vladimir"]
[Result "0-1"]
[WhiteElo "2334"]
[BlackElo "1829"]
[Annotator "NA"]
[PlyCount "58"]
[EventDate "2018.06.21"]
[EventCountry "BLR"]
[SourceTitle "playchess.com"]
[Source "ChessBase"]
[SourceQuality "1"]
[TimeControl "900+10"]

1. e4 {[%emt 0:00:00]} e5 {[%emt 0:00:04]} 2. Nf3 {[%emt 0:00:00]} Nc6 {[%emt 0:00:02]} 3. Bb5 {[%emt 0:00:33]} a6 {[%emt 0:00:03]} 4. Ba4 {[%emt 0:00:01]} d6 {[%emt 0:00:30]} 5. c4 {[%emt 0:00:37]} Be7 {[%emt 0:00:17]} 6. Nc3 {[%emt 0:00:05]} Nf6 {[%emt 0:00:08]} 7. h3 {[%emt 0:00:21]} O-O {[%emt 0:00:04]} 8. O-O {[%emt 0:00:41]} Be6 {[%emt 0:00:24]} 9. d3 {[%emt 0:00:11]} Nd7 {[%emt 0:00:25]} 10. Nd5 {[%emt 0:00:12]} f5 {[%emt 0:01:40]} 11. Nxe7+ {[%emt 0:00:57]} Qxe7 {[%emt 0:00:17]} 12. Ng5 {[%emt 0:02:03]} f4 {[%emt 0:00:56]} 13. Nxe6 {[%emt 0:00:20]} Qxe6 {[%emt 0:00:02]} 14. Bxc6 {[%emt 0:01:37]} bxc6 {[%emt 0:00:03]} 15. Qg4 {[%emt 0:00:19]} Qe7 {[%emt 0:00:41]} 16. b4 {[%emt 0:01:01]} Rf6 {[%emt 0:00:37]} 17. a4 {[%emt 0:01:15]} Rg6 {[%emt 0:00:31]} 18. Qf3 {[%emt 0:00:05]} Nf8 {[%emt 0:01:14]} 19. d4 {[%emt 0:00:30]} Ne6 {[%emt 0:00:20]} 20. dxe5 {[%emt 0:00:02]} dxe5 {[%emt 0:00:13]} 21. Bb2 {[%emt 0:00:08]} Ng5 {[%emt 0:00:12]} 22. Qg4 {[%emt 0:02:48]} Nxe4 {[%emt 0:01:12]} 23. Qf5 {[%emt 0:00:56]} Nd2 {[%emt 0:01:21]} 24. Rfd1 {[%emt 0:00:17]} Rf8 {[%emt 0:01:46]} 25. Qd3 {[%emt 0:01:57]} Qg5 {[%emt 0:01:26]} 26. g3 {[%emt 0:00:14]} Rd8 {[%emt 0:00:10]} 27. Rxd2 {[%emt 0:01:31]} Rxd3 {[%emt 0:00:03]} 28. Rxd3 {[%emt 0:00:01]} fxg3 {[%emt 0:00:04]} 29. fxg3 {[%emt 0:00:05]} Rd6 {[%emt 0:00:31]} 0-1

[Event "Kupreichik Memorial Open 2018"]
[Site "Minsk"]
[Date "2018.06.21"]
[Round "3"]
[White "Nomin-Erdene, Davaademberel"]
[Black "Rybakova, Polina"]
[Result "1-0"]
[WhiteElo "2312"]
[BlackElo "1826"]
[Annotator "NA"]
[PlyCount "55"]
[EventDate "2018.06.21"]
[EventCountry "BLR"]
[SourceTitle "playchess.com"]
[Source "ChessBase"]
[SourceQuality "1"]
[TimeControl "900+10"]

1. e4 {[%emt 0:00:00]} d5 {[%emt 0:00:02]} 2. exd5 {[%emt 0:00:00]} Qxd5 {[%emt 0:00:01]} 3. Nc3 {[%emt 0:00:00]} Qa5 {[%emt 0:00:01]} 4. d4 {[%emt 0:00:00]} Nf6 {[%emt 0:00:09]} 5. Nf3 {[%emt 0:00:00]} Bg4 {[%emt 0:00:04]} 6. Bc4 {[%emt 0:02:09]} e6 {[%emt 0:00:36]} 7. h3 {[%emt 0:00:15]} Bxf3 {[%emt 0:01:06]} 8. Qxf3 {[%emt 0:00:02]} c6 {[%emt 0:00:01]} 9. Bd2 {[%emt 0:00:10]} Qd8 {[%emt 0:00:38]} 10. Ne2 {[%emt 0:00:49]} Nbd7 {[%emt 0:00:55]} 11. O-O-O {[%emt 0:00:42]} Nb6 {[%emt 0:00:24]} 12. Bb3 {[%emt 0:00:36]} a5 {[%emt 0:00:11]} 13. a3 {[%emt 0:00:45]} Be7 {[%emt 0:02:48]} 14. g4 {[%emt 0:00:34]} Nbd5 {[%emt 0:00:53]} 15. c4 {[%emt 0:01:19]} Nc7 {[%emt 0:00:40]} 16. g5 {[%emt 0:01:05]} Nd7 {[%emt 0:00:04]} 17. h4 {[%emt 0:00:02]} Ra6 {[%emt 0:03:26]} 18. Nf4 {[%emt 0:01:44]} b5 {[%emt 0:00:21]} 19. c5 {[%emt 0:02:20]} Nd5 {[%emt 0:02:15]} 20. Bc2 {[%emt 0:01:09]} Nf8 {[%emt 0:01:24]} 21. Nh5 {[%emt 0:00:58]} Rg8 {[%emt 0:00:35]} 22. Ng3 {[%emt 0:01:06]} a4 {[%emt 0:00:33]} 23. Qe2 {[%emt 0:00:15]} Ra8 {[%emt 0:00:43]} 24. f4 {[%emt 0:01:48]} Qb8 {[%emt 0:00:15]} 25. Qf3 {[%emt 0:00:38]} Ra6 {[%emt 0:00:47]} 26. f5 {[%emt 0:00:09]} g6 {[%emt 0:00:23]} 27. fxg6 {[%emt 0:00:39]} hxg6 28. Rhf1 {time} 1-0